|
|
|
|
| LEADER |
00000nam a22000007a 4500 |
| 005 |
20220808232956.0 |
| 007 |
cr|||| |||| |
| 008 |
220808s2018 br |||||s|||| 00||0 por d |
| 020 |
|
|
|a 978-85-93741-16-6
|
| 035 |
|
|
|a 36803
|
| 040 |
|
|
|a vLex
|
| 090 |
|
|
|c 13678
|d 13678
|
| 100 |
1 |
|
|a de Azevedo Lopes, Othon
|
| 245 |
1 |
0 |
|a Fundamentos da regulaȯ̂
|h [Recurso electrn̤ico] /
|c Othon de Azevedo Lopes
|
| 256 |
|
|
|a Servicio en ln̕ea
|
| 260 |
|
|
|a Rio de Janeiro:
|b Editora Processo,
|c 2018
|
| 300 |
|
|
|a 1 recurso electrn̤ico
|
| 500 |
|
|
|a "O livro que tenho a honra de prefaciar vem colmatar diversas lacunas do estudo do fenm̥eno regulatr̤io, iluminando aspectos invisv̕eis s̉ anl̀ises disponv̕eis em nossa literatura, principalmente sob o olhar da prudn̊cia e da filosofia, situando o cart̀er do discurso especializado prp̤rio ̉regulaȯ̂ como obediente aos papǐs sociais universalizantes da pessoa, do indivd̕uo e do cidadô. Ele tambm̌ situa a regulaȯ̂, relacionando-a com o sistema econm̥ico e o polt̕ico-burocrt̀ico, no universo de uma teoria dos sistemas que evidencia funė̳s instrumentais coordenadoras e reflexivas do direito mediante integraȯ̂ sistm̊ica da sociedade na relaȯ̂ entre economia e Estado."
|
| 506 |
1 |
|
|a Disponible solo en los productos indicados
|d vLex Global
|d vLex Global (Academic Edition, excluding Law Schools)
|d vLex Global (U.S. Academic Edition, Law Schools)
|d vLex Global (U.S. Academic Edition, excluding Law Schools)
|d vLex Global (Academic Edition, Law Schools)
|
| 650 |
0 |
4 |
|a Derecho Pb︢lico y Administrativo
|z Brasil
|
| 740 |
0 |
|
|a vLex Libros (Servicio en ln̕ea)
|
| 856 |
4 |
0 |
|u https://app.vlex.com/#/sources/36803
|z Acceso restringido
|
| 942 |
|
|
|c BOOK
|
| 999 |
0 |
|
|a Public and Administrative Law
|